| 000 | 00344 a2200109 4500 | ||
|---|---|---|---|
| 001 | ART_30537 | ||
| 005 | 20260410162002.0 | ||
| 008 | 260409a | ||
| 245 | 1 | 0 | _aEl museo social argentino y el problema de la vivienda |
| 100 | 1 | _aFernández López, Manuel | |
| 773 | 0 |
_tForo económico _g- Año II, Nº 3 (nov. 1996) _wREV30369 |
|
| 999 |
_c31408 _d31408 |
||